000 00335nam a2200133 i 4500
001 bg
100 1 _aPATULSKI, Andrzej
245 0 _aSpory ze stosunków pracy a inne rodzaje sporów /
_cAndrzej Patulski.
260 _aWarszawa,
_c1984.
040 _cBPK
041 _apol
942 _cKS
008 s pl f |000 0 pol
999 _c28255
_d28255
856 _uhttp://koha.tu.koszalin.pl/cgi-bin/koha/opac-detail.pl?biblionumber=28255
_yKatalog online BPK